[Event "Amantea op-B 7th"]
[Site "Amantea"]
[Date "2009.09.04"]
[Round "5"]
[White "Lapenna, Michelangelo"]
[Black "Carlomagno, Vincenzo"]
[Result "1-0"]
[WhiteElo "1849"]
[BlackElo "1488"]
[PlyCount "97"]
[EventDate "2009.08.31"]
[EventType "swiss"]
[EventRounds "8"]
[EventCountry "ITA"]
[SourceTitle "CBM 132 Extra"]
[Source "ChessBase"]
[SourceDate "2009.11.03"]
[SourceVersion "1"]
[SourceVersionDate "2009.11.03"]
[SourceQuality "1"]

1. d4 Nf6 2. Nf3 e6 3. c4 b6 4. g3 Ba6 5. Nbd2 Bb4 6. Qb3 c5 7. Bg2 Nc6 8. 0-0 d5 9. Qa4 Bb7 10. Ne5 0-0 11. Ndf3 Nxe5 12. dxe5 Qd7 13. Qc2 Ne4 14. Rd1 Qc7 15. a3 Ba5 16. cxd5 Rac8 17. Qxe4 Bxd5 18. Qf4 Bb3 19. Rd6 f6 20. Be3 fxe5 21. Qxe5 Rf5 22. Qe4 Qxd6 23. Bh3 Bd5 24. Qc2 Rff8 25. Ng5 g6 26. Rd1 Qc6 27. Bf4 Qe8 28. e4 h6 29. exd5 hxg5 30. Bxe6+ Kh7 31. Bxc8 Qxc8 32. Bxg5 Rf5 33. Bf4 Rxf4 34. b4 Qg4 35. bxa5 Rc4 36. Qb3 Rc3 37. Qb1 Qe2 38. axb6 axb6 39. Re1 Qd2 40. Rd1 Qe2 41. d6 Rc2 42. Rf1 Rd2 43. Qxb6 Rd1 44. Qb7+ Kh6 45. Rxd1 Qxd1+ 46. Kg2 Qxd6 47. Qf3 c4 48. h4 Qd2 49. Qf8+ 1-0